[Event "Berlin Radtke Memorial op"]
[Site "Berlin"]
[Date "2023.10.24"]
[Round "2"]
[White "Reinecke, Katharina"]
[Black "Gelman, Josef"]
[Result "1/2-1/2"]
[WhiteElo "1887"]
[BlackElo "2101"]
[PlyCount "43"]
[EventDate "2023.10.23"]
[EventType "swiss"]
[EventRounds "9"]
[EventCountry "GER"]
[SourceTitle "Mega2024 Update 01"]
[Source "Chessbase"]
[SourceDate "2023.11.12"]
[SourceVersion "1"]
[SourceVersionDate "2023.11.12"]
[SourceQuality "1"]

1. e4 c5 2. Nf3 Nc6 3. Bb5 g6 4. Bxc6 dxc6 5. 0-0 Bg7 6. h3 Nf6 7. Qe2 0-0 8. c3 e5 9. d3 Qc7 10. Na3 Ne8 11. Nc2 a5 12. Nfe1 f5 13. exf5 Bxf5 14. Ne3 Nd6 15. Nxf5 Nxf5 16. Nf3 Rae8 17. Ng5 Nd6 18. Ne4 b6 19. Bg5 Nxe4 20. dxe4 h6 21. Be3 Kh7 22. Rad1 1/2-1/2

[Event "Berlin Radtke Memorial op"]
[Site "Berlin"]
[Date "2023.10.23"]
[Round "1"]
[White "Gelman, Josef"]
[Black "Olsen, Filip Boe"]
[Result "0-1"]
[WhiteElo "2101"]
[BlackElo "2423"]
[PlyCount "84"]
[EventDate "2023.10.23"]
[EventType "swiss"]
[EventRounds "9"]
[EventCountry "GER"]
[SourceTitle "Mega2024 Update 01"]
[Source "Chessbase"]
[SourceDate "2023.11.12"]
[SourceVersion "1"]
[SourceVersionDate "2023.11.12"]
[SourceQuality "1"]

1. d4 Nf6 2. Nf3 d5 3. Bg5 Ne4 4. Be3 g6 5. Nbd2 Nd6 6. Bf4 Bg7 7. e3 0-0 8. Be2 Nd7 9. h4 h5 10. Ne5 Nf6 11. g4 hxg4 12. Nxg4 Nxg4 13. Bxg4 c5 14. Bxc8 Qxc8 15. Bxd6 exd6 16. c3 b5 17. Qf3 Qe6 18. Qh3 b4 19. Qxe6 fxe6 20. Ke2 Rab8 21. Rag1 Kf7 22. h5 gxh5 23. Rxh5 Rh8 24. Rxh8 Bxh8 25. Rb1 a5 26. Kd3 Bf6 27. Kc2 a4 28. cxb4 Rxb4 29. a3 Rb8 30. dxc5 dxc5 31. b3 axb3+ 32. Rxb3 Ra8 33. Rb7+ Ke8 34. Nb1 c4 35. Kd2 Be7 36. Rb6 Kf7 37. Rb7 Kf6 38. f3 Bxa3 39. Rb6 Bc5 40. Rb2 Ke5 41. Nc3 Ra3 42. f4+ Kf6 0-1

[Event "Oberliga Nord O 1920"]
[Site "Germany"]
[Date "2021.08.14"]
[Round "8.8"]
[White "Acikel, Mert"]
[Black "Gelman, Josef"]
[Result "1-0"]
[WhiteElo "2149"]
[BlackElo "2007"]
[PlyCount "105"]
[EventDate "2019.09.29"]
[EventType "team-tourn"]
[EventRounds "9"]
[EventCountry "GER"]
[SourceTitle "EXT 2023"]
[Source "ChessBase"]
[SourceDate "2022.10.05"]
[SourceVersion "1"]
[SourceVersionDate "2022.10.05"]
[SourceQuality "1"]
[WhiteTeam "Koenig Tegel II"]
[BlackTeam "Berlin Weisse Dame"]
[WhiteTeamCountry "GER"]
[BlackTeamCountry "GER"]

1. e4 c6 2. Nc3 d5 3. Nf3 dxe4 4. Nxe4 Nf6 5. Qe2 Nxe4 6. Qxe4 Nd7 7. Bc4 Nf6 8. Ne5 e6 9. Qe2 Bd6 10. d4 Qc7 11. 0-0 0-0 12. Re1 c5 13. dxc5 Qxc5 14. Bf4 Nd5 15. Bxd5 exd5 16. Nd3 Qc7 17. Bxd6 Qxd6 18. Qe5 Qxe5 19. Rxe5 Rd8 20. Nf4 d4 21. Rd1 Kf8 22. c3 d3 23. Rxd3 Rxd3 24. Nxd3 Be6 25. Nb4 Rd8 26. Kf1 b6 27. b3 a5 28. Nc2 Rd3 29. Re3 Rd2 30. Nd4 Bd5 31. a4 Rd1+ 32. Ke2 Rb1 33. c4 Bxg2 34. Re5 Rh1 35. Rb5 Rxh2 36. Rxb6 h5 37. c5 Ke7 38. c6 Rh1 39. Kd2 Kd8 40. Nb5 Bxc6 41. Rxc6 h4 42. Rc5 g6 43. Nd6 h3 44. Nxf7+ Ke7 45. Rc7+ Kf6 46. Nd6 Rf1 47. Ke2 h2 48. Ne4+ Ke6 49. Ng3 Rg1 50. Rh7 Rb1 51. Rxh2 Rxb3 52. Rh4 Kd5 53. Rg4 1-0

[Event "GER-ch Net blitz qual3"]
[Site "Playchess.com INT"]
[Date "2021.05.07"]
[Round "1"]
[White "Hohlbein, Michael"]
[Black "Gelman, Josef"]
[Result "0-1"]
[WhiteElo "2062"]
[BlackElo "1712"]
[PlyCount "56"]
[EventDate "2021.05.07"]
[EventType "swiss (blitz)"]
[EventRounds "11"]
[EventCountry "GER"]
[SourceTitle "CBM 202 Extra"]
[Source "ChessBase"]
[SourceDate "2021.07.31"]
[SourceVersion "1"]
[SourceVersionDate "2021.07.31"]
[SourceQuality "1"]

1. e4 c6 2. d3 d5 3. Nd2 dxe4 4. dxe4 e5 5. Ngf3 Bg4 6. g3 Nf6 7. Bg2 Nbd7 8. 0-0 Bd6 9. Qe2 0-0 10. Rd1 Qe7 11. c3 Bc7 12. h3 Bh5 13. Nf1 Rad8 14. g4 Bg6 15. Ng3 Nc5 16. Bg5 Rxd1+ 17. Rxd1 Rd8 18. Rxd8+ Qxd8 19. b4 Nd3 20. Bxf6 gxf6 21. h4 Nf4 22. Qe3 Qd1+ 23. Kh2 Bb6 24. Qe1 Qxe1 25. Nxe1 Bxf2 26. Nc2 Bxg3+ 27. Kxg3 Nxg2 28. Kxg2 Bxe4+ 0-1

[Event "GER-ch Net blitz qual1"]
[Site "Playchess.com INT"]
[Date "2021.04.24"]
[Round "9"]
[White "Gelman, Josef"]
[Black "Buring, Matthias"]
[Result "0-1"]
[WhiteElo "1620"]
[BlackElo "1819"]
[PlyCount "138"]
[EventDate "2021.04.24"]
[EventType "swiss (blitz)"]
[EventRounds "11"]
[EventCountry "GER"]
[SourceTitle "CBM 202 Extra"]
[Source "ChessBase"]
[SourceDate "2021.07.31"]
[SourceVersion "1"]
[SourceVersionDate "2021.07.31"]
[SourceQuality "1"]

1. d4 d5 2. Nf3 c6 3. Bf4 e6 4. e3 f5 5. Nbd2 Nd7 6. Bd3 Ngf6 7. Ne5 Nxe5 8. Bxe5 Be7 9. h4 0-0 10. h5 h6 11. Nf3 Ng4 12. Bf4 b6 13. Ne5 Nxe5 14. Bxe5 Bf6 15. Bxf6 Qxf6 16. f4 c5 17. c3 c4 18. Bc2 b5 19. a3 Bd7 20. Qf3 a5 21. Kd2 Qe7 22. Rhg1 b4 23. axb4 axb4 24. Rxa8 Rxa8 25. g4 bxc3+ 26. bxc3 Ra2 27. gxf5 Ba4 28. Rc1 exf5 29. Qxd5+ Qf7 30. Qxf7+ Kxf7 31. Kd1 Bxc2+ 32. Rxc2 Ra1+ 33. Rc1 Ra2 34. Rb1 g5 35. hxg6+ Kxg6 36. Rb4 h5 37. Rb8 Kg7 38. Rb7+ Kg6 39. Rb6+ Kg7 40. Rb7+ Kg6 41. Rb8 Kg7 42. Ke1 h4 43. Kf1 h3 44. Kg1 Rc2 45. Rb5 Kg6 46. Rb6+ Kh5 47. Rf6 Kg4 48. d5 Kf3 49. Rxf5 Rxc3 50. d6 Rd3 51. Rc5 c3 52. Kh2 Kxe3 53. f5 Kd2 54. f6 Rxd6 55. f7 Rf6 56. Rc7 c2 57. Kxh3 c1Q 58. Rxc1 Kxc1 59. f8Q Rxf8 60. Kg4 Kd2 61. Kh5 Ke3 62. Kg6 Ke4 63. Kg7 Rf1 64. Kg6 Rf2 65. Kg5 Rf1 66. Kg4 Rg1+ 67. Kh3 Rg8 68. Kh2 Kf3 69. Kh3 Rh8# 0-1

[Event "GER-ch Net blitz qual1"]
[Site "Playchess.com INT"]
[Date "2021.04.24"]
[Round "11"]
[White "Gelman, Josef"]
[Black "Gley, Reinhard"]
[Result "0-1"]
[WhiteElo "1620"]
[BlackElo "1765"]
[PlyCount "84"]
[EventDate "2021.04.24"]
[EventType "swiss (blitz)"]
[EventRounds "11"]
[EventCountry "GER"]
[SourceTitle "CBM 202 Extra"]
[Source "ChessBase"]
[SourceDate "2021.07.31"]
[SourceVersion "1"]
[SourceVersionDate "2021.07.31"]
[SourceQuality "1"]

1. d4 d5 2. Nf3 Nf6 3. Bg5 Ne4 4. Be3 c6 5. Qd2 Nxd2 6. Nbxd2 Nd7 7. h4 h6 8. h5 Nf6 9. Bf4 Bf5 10. Ne5 Bxc2 11. g4 Be4 12. f3 Bh7 13. e3 e6 14. Kf2 Bb4 15. Nb3 a5 16. a3 Bd6 17. Rc1 0-0 18. Be2 a4 19. Nd2 Rc8 20. Rcg1 c5 21. g5 hxg5 22. Bxg5 cxd4 23. exd4 Rc2 24. Ng4 Nxg4+ 25. Rxg4 Qb6 26. Bf6 g6 27. Nb1 Qxb2 28. Re1 Rxe2+ 29. Rxe2 Qxb1 30. Re1 Qf5 31. Bg5 f6 32. Bh6 g5 33. Bxf8 Kxf8 34. Re2 Bxa3 35. Rg1 Qd3 36. Rg4 Bf5 37. Rg1 Qxd4+ 38. Kg2 Bc5 39. Rge1 Qh4 40. Rh1 Qc4 41. h6 Qxe2+ 42. Kg3 Qf2# 0-1

[Event "GER-ch Net blitz qual1"]
[Site "Playchess.com INT"]
[Date "2021.04.24"]
[Round "5"]
[White "Gelman, Josef"]
[Black "Reiss, Peter"]
[Result "1-0"]
[WhiteElo "1620"]
[BlackElo "1357"]
[PlyCount "61"]
[EventDate "2021.04.24"]
[EventType "swiss (blitz)"]
[EventRounds "11"]
[EventCountry "GER"]
[SourceTitle "CBM 202 Extra"]
[Source "ChessBase"]
[SourceDate "2021.07.31"]
[SourceVersion "1"]
[SourceVersionDate "2021.07.31"]
[SourceQuality "1"]

1. d4 d5 2. Nf3 Nf6 3. Bg5 e6 4. e3 Be7 5. Nbd2 h6 6. Bh4 0-0 7. Bd3 b6 8. Ne5 c5 9. c3 Bb7 10. f4 Nbd7 11. g4 cxd4 12. exd4 Ne4 13. Bxe7 Qxe7 14. h4 Nxe5 15. fxe5 Rac8 16. Qc2 a6 17. Nxe4 dxe4 18. Bxe4 Bxe4 19. Qxe4 b5 20. g5 g6 21. a3 hxg5 22. h5 Kg7 23. 0-0-0 a5 24. Kb1 b4 25. axb4 axb4 26. cxb4 Qxb4 27. Qf3 Rb8 28. Qf6+ Kg8 29. Rh2 Rfc8 30. hxg6 Kf8 31. Rh8# 1-0

[Event "GER-ch Net blitz qual1"]
[Site "Playchess.com INT"]
[Date "2021.04.24"]
[Round "10"]
[White "Melde, Volker"]
[Black "Gelman, Josef"]
[Result "0-1"]
[WhiteElo "1834"]
[BlackElo "1620"]
[PlyCount "96"]
[EventDate "2021.04.24"]
[EventType "swiss (blitz)"]
[EventRounds "11"]
[EventCountry "GER"]
[SourceTitle "CBM 202 Extra"]
[Source "ChessBase"]
[SourceDate "2021.07.31"]
[SourceVersion "1"]
[SourceVersionDate "2021.07.31"]
[SourceQuality "1"]

1. d4 c6 2. Nf3 d5 3. c3 Nf6 4. Bf4 Bf5 5. Nbd2 e6 6. e3 Bd6 7. Ne5 Qc7 8. Ndf3 Nbd7 9. Nxd7 Nxd7 10. Bg3 Bxg3 11. hxg3 h6 12. Bd3 Bxd3 13. Qxd3 0-0-0 14. b4 e5 15. dxe5 Nxe5 16. Nxe5 Qxe5 17. Rd1 Kb8 18. a4 Rhe8 19. 0-0 h5 20. b5 c5 21. c4 d4 22. exd4 Rxd4 23. Qf3 f6 24. Rde1 Qxe1 25. Rxe1 Rxe1+ 26. Kh2 Rdd1 27. Qf4+ Ka8 28. g4 h4 29. g3 Rh1+ 30. Kg2 h3+ 31. Kf3 Rhe1 32. Qc7 Re8 33. Qf7 Rdd8 34. Qh5 Rh8 35. Qxc5 h2 36. b6 h1Q+ 37. Kf4 Qc6 38. Qb4 Qxb6 39. Qe7 Qxf2+ 40. Ke4 Qe2+ 41. Kf5 Qxe7 42. Kg6 Rd4 43. g5 Rg4 44. Kf5 Rxg5+ 45. Kf4 Qe5+ 46. Kf3 Qc3+ 47. Ke4 Re8+ 48. Kf4 Qe3# 0-1

[Event "GER-ch Net blitz qual1"]
[Site "Playchess.com INT"]
[Date "2021.04.24"]
[Round "8"]
[White "Schulze Schwering, Philipp"]
[Black "Gelman, Josef"]
[Result "1-0"]
[WhiteElo "1874"]
[BlackElo "1620"]
[PlyCount "103"]
[EventDate "2021.04.24"]
[EventType "swiss (blitz)"]
[EventRounds "11"]
[EventCountry "GER"]
[SourceTitle "CBM 202 Extra"]
[Source "ChessBase"]
[SourceDate "2021.07.31"]
[SourceVersion "1"]
[SourceVersionDate "2021.07.31"]
[SourceQuality "1"]

1. d4 c6 2. Nf3 d5 3. g3 Nf6 4. Bg2 Bf5 5. c4 e6 6. Nc3 dxc4 7. Ne5 Bb4 8. 0-0 0-0 9. a3 Bxc3 10. bxc3 Ne4 11. Bb2 Nd6 12. Re1 Nd7 13. e4 Bg6 14. Nxd7 Qxd7 15. Qe2 b5 16. a4 Rab8 17. Ba3 Rfd8 18. Bc5 a6 19. axb5 axb5 20. Ra7 Rb7 21. Rea1 Nc8 22. R7a6 h6 23. e5 Rc7 24. Bb4 Ne7 25. Ba5 Nd5 26. Bxc7 Qxc7 27. Qb2 Qe7 28. Rxc6 b4 29. Bxd5 bxc3 30. Qxc3 exd5 31. Rca6 Be4 32. f3 Bd3 33. Qd2 Qd7 34. Qf4 Qb5 35. e6 fxe6 36. Qc7 Rd7 37. Ra8+ Kh7 38. Qc8 Rf7 39. Qxe6 Rf6 40. Qg8+ Kg6 41. Qe8+ Kh7 42. Qxb5 Rxf3 43. Qxd5 Rf6 44. Qe5 Rf5 45. Qxf5+ Bxf5 46. d5 Bd3 47. d6 c3 48. d7 c2 49. d8Q Bg6 50. Qe7 Bd3 51. R8a7 Bf5 52. Qxg7# 1-0

[Event "GER-chT Christmas U20"]
[Site "Playchess.com INT"]
[Date "2020.12.29"]
[Round "6.1"]
[White "Bethke, Richard"]
[Black "Gelman, Josef"]
[Result "1-0"]
[WhiteElo "2332"]
[BlackElo "2007"]
[PlyCount "97"]
[EventDate "2020.12.29"]
[EventType "team-swiss (blitz)"]
[EventRounds "7"]
[EventCountry "GER"]
[SourceTitle "CBM 200 Extra"]
[Source "ChessBase"]
[SourceDate "2021.03.31"]
[SourceVersion "1"]
[SourceVersionDate "2021.03.31"]
[SourceQuality "1"]
[WhiteTeam "Neuberg"]
[BlackTeam "Weisse Dame"]
[WhiteTeamCountry "GER"]
[BlackTeamCountry "GER"]

1. e4 c6 2. d4 d5 3. e5 c5 4. dxc5 e6 5. a3 Bxc5 6. b4 Bb6 7. Nf3 Ne7 8. Bb2 0-0 9. Bd3 Nf5 10. 0-0 Nc6 11. c4 dxc4 12. Bxc4 Qxd1 13. Rxd1 Rd8 14. Nc3 Bd7 15. Ne4 Be8 16. Kf1 Ncd4 17. Nxd4 Bxd4 18. Bxd4 Rxd4 19. Rxd4 Nxd4 20. Nd6 Nc6 21. f4 Rb8 22. Rd1 Kf8 23. b5 Na5 24. Bd3 Ke7 25. Rc1 Bd7 26. Be4 g6 27. Rc7 Kd8 28. Rc3 Ke7 29. Kf2 f5 30. Bf3 Kd8 31. Kg3 Ke7 32. a4 h6 33. Kf2 g5 34. g3 g4 35. Bg2 h5 36. Ke2 Kd8 37. Kd2 Ke7 38. Kc2 Kd8 39. Kb2 a6 40. Ka3 axb5 41. axb5 b6 42. Kb4 Ke7 43. Rc7 Kd8 44. Ra7 Ke7 45. Bc6 Rd8 46. Bxd7 Rxd7 47. Nc8+ Kd8 48. Rxd7+ Kxd7 49. Nxb6+ 1-0

[Event "GER-chT Christmas U20"]
[Site "Playchess.com INT"]
[Date "2020.12.29"]
[Round "2.1"]
[White "Gelman, Josef"]
[Black "Mohammadi Nia, Borna"]
[Result "1-0"]
[WhiteElo "2007"]
[BlackElo "2079"]
[PlyCount "43"]
[EventDate "2020.12.29"]
[EventType "team-swiss (blitz)"]
[EventRounds "7"]
[EventCountry "GER"]
[SourceTitle "CBM 200 Extra"]
[Source "ChessBase"]
[SourceDate "2021.03.31"]
[SourceVersion "1"]
[SourceVersionDate "2021.03.31"]
[SourceQuality "1"]
[WhiteTeam "Weisse Dame"]
[BlackTeam "Koeln Porz II"]
[WhiteTeamCountry "GER"]
[BlackTeamCountry "GER"]

1. d4 Nf6 2. Bg5 e6 3. e4 d5 4. e5 h6 5. Bxf6 gxf6 6. Nf3 c5 7. c3 cxd4 8. cxd4 Bg7 9. Nc3 Nc6 10. Bb5 Bd7 11. exf6 Bxf6 12. 0-0 Qc7 13. Re1 0-0-0 14. Rc1 Kb8 15. Bd3 Rdg8 16. Qd2 Bg5 17. Nxg5 hxg5 18. h3 g4 19. Nb5 Qd8 20. Qf4+ Ka8 21. Nc7+ Kb8 22. Nxe6+ 1-0

[Event "GER-chT Christmas U20"]
[Site "Playchess.com INT"]
[Date "2020.12.29"]
[Round "3.1"]
[White "Roseneck, Jonas"]
[Black "Gelman, Josef"]
[Result "0-1"]
[WhiteElo "2401"]
[BlackElo "2007"]
[PlyCount "90"]
[EventDate "2020.12.29"]
[EventType "team-swiss (blitz)"]
[EventRounds "7"]
[EventCountry "GER"]
[SourceTitle "CBM 200 Extra"]
[Source "ChessBase"]
[SourceDate "2021.03.31"]
[SourceVersion "1"]
[SourceVersionDate "2021.03.31"]
[SourceQuality "1"]
[WhiteTeam "Magdeburg Aufbau Elbe"]
[BlackTeam "Weisse Dame"]
[WhiteTeamCountry "GER"]
[BlackTeamCountry "GER"]

1. e4 c6 2. d4 d5 3. e5 c5 4. dxc5 e6 5. a3 Bxc5 6. b4 Bb6 7. Nf3 Ne7 8. Bd3 Nf5 9. Bb2 0-0 10. 0-0 a5 11. b5 Nd7 12. Bxf5 exf5 13. Qxd5 Nc5 14. Qxd8 Rxd8 15. Nbd2 Be6 16. Rad1 Rac8 17. Bd4 h6 18. Nb3 Nxb3 19. Bxb6 Rxd1 20. Rxd1 Rxc2 21. h3 Ra2 22. Rd8+ Kh7 23. Rb8 Bd5 24. Nh4 Rxa3 25. Nxf5 Ra1+ 26. Kh2 Nd2 27. h4 Nf1+ 28. Kh3 Rb1 29. Nd4 a4 30. Rd8 Bc4 31. Rd7 a3 32. e6 fxe6 33. Nc2 e5 34. Rc7 Be6+ 35. g4 a2 36. Ba5 a1Q 37. Nxa1 Rxa1 38. Bc3 Ra4 39. Kg2 Rc4 40. Bxe5 Rxc7 41. Bxc7 Nd2 42. Be5 Nc4 43. Bd4 Bxg4 44. Kg3 Bd7 45. Kf4 Bxb5 0-1

[Event "DSOL 01 Liga Gr-A 1st"]
[Site "Playchess.com INT"]
[Date "2020.07.24"]
[Round "5.1"]
[White "Rosen, Bernd"]
[Black "Gelman, Josef"]
[Result "1/2-1/2"]
[WhiteElo "2267"]
[BlackElo "2056"]
[PlyCount "58"]
[EventDate "2020.06.22"]
[EventType "team-tourn (rapid)"]
[EventCountry "GER"]
[SourceTitle "EXT 2021"]
[Source "ChessBase"]
[SourceDate "2020.10.23"]
[SourceVersion "1"]
[SourceVersionDate "2020.10.23"]
[SourceQuality "1"]
[WhiteTeam "Essen Katernberg"]
[BlackTeam "Weisse Dame"]
[WhiteTeamCountry "GER"]
[BlackTeamCountry "GER"]

1. Nf3 d5 2. c4 c6 3. Qc2 Nf6 4. g3 g6 5. Bg2 Bg7 6. 0-0 0-0 7. d3 Na6 8. a3 Re8 9. e4 dxc4 10. Qxc4 Be6 11. Qc2 Qb6 12. Be3 Qb3 13. Qxb3 Bxb3 14. Nd4 Be6 15. Nxe6 fxe6 16. Bh3 e5 17. Nc3 Red8 18. Rfd1 Rd6 19. f4 Nd7 20. Bxd7 Rxd7 21. fxe5 Bxe5 22. d4 Bg7 23. d5 Bxc3 24. bxc3 cxd5 25. Rxd5 Rxd5 26. exd5 Nc7 27. c4 b5 28. Bf4 Rc8 29. Bxc7 Rxc7 1/2-1/2

[Event "DSOL 01 Liga Gr-A 1st"]
[Site "Playchess.com INT"]
[Date "2020.06.24"]
[Round "1.1"]
[White "Paris, Michael"]
[Black "Gelman, Josef"]
[Result "1/2-1/2"]
[WhiteElo "2213"]
[BlackElo "2056"]
[PlyCount "36"]
[EventDate "2020.06.22"]
[EventType "team-tourn (rapid)"]
[EventCountry "GER"]
[SourceTitle "EXT 2021"]
[Source "ChessBase"]
[SourceDate "2020.10.23"]
[SourceVersion "1"]
[SourceVersionDate "2020.10.23"]
[SourceQuality "1"]
[WhiteTeam "Koeln Lasker"]
[BlackTeam "Weisse Dame"]
[WhiteTeamCountry "GER"]
[BlackTeamCountry "GER"]

1. d4 d5 2. Nf3 Nf6 3. c4 c6 4. g3 Bf5 5. Bg2 e6 6. Nh4 Be4 7. f3 Bxb1 8. Rxb1 Qa5+ 9. Bd2 Bb4 10. Bh3 dxc4 11. a3 Bxd2+ 12. Qxd2 Qxd2+ 13. Kxd2 Nbd7 14. Rhc1 Nb6 15. e3 Rd8 16. Ke2 Ke7 17. Bf1 g5 18. Ng2 Rd5 1/2-1/2

[Event "GER-ch U18 sf Berlin Online"]
[Site "Playchess.com INT"]
[Date "2020.05.01"]
[Round "6"]
[White "Costa, Leonardo"]
[Black "Gelman, Josef"]
[Result "0-1"]
[WhiteElo "1928"]
[BlackElo "1778"]
[PlyCount "80"]
[EventDate "2020.05.01"]
[EventType "swiss (blitz)"]
[EventRounds "13"]
[EventCountry "GER"]
[SourceTitle "CBM 195 Extra"]
[Source "ChessBase"]
[SourceDate "2020.05.31"]
[SourceVersion "1"]
[SourceVersionDate "2020.05.31"]
[SourceQuality "1"]

1. e4 c5 2. Nf3 Nc6 3. d4 cxd4 4. Nxd4 e5 5. Nb5 d6 6. Be2 Nf6 7. Bg5 a6 8. N5c3 Be6 9. Nd2 Be7 10. 0-0 Nd4 11. Bc4 Bxc4 12. Nxc4 Rc8 13. Ne3 0-0 14. Bxf6 Bxf6 15. Ncd5 Bg5 16. c3 Bxe3 17. Nxe3 Ne6 18. Qg4 Qg5 19. Qxg5 Nxg5 20. f3 Ne6 21. Rfd1 Rc6 22. Rd2 g6 23. Rad1 Rd8 24. Nd5 Kf8 25. a4 Nc5 26. Nb4 Rc7 27. a5 Nb3 28. Rd5 Ke7 29. Kf2 Rc5 30. Rxc5 dxc5 31. Rxd8 Kxd8 32. Nd3 f6 33. c4 Kc7 34. Ke2 Nxa5 35. Nxc5 Nxc4 36. Nd3 b6 37. g3 a5 38. f4 a4 39. h3 Nxb2 40. Nxb2 a3 0-1

[Event "GER-ch U18 sf Berlin Online"]
[Site "Playchess.com INT"]
[Date "2020.05.01"]
[Round "10"]
[White "Gelman, Josef"]
[Black "Kopylov, Daniel"]
[Result "0-1"]
[WhiteElo "1778"]
[BlackElo "2173"]
[PlyCount "31"]
[EventDate "2020.05.01"]
[EventType "swiss (blitz)"]
[EventRounds "13"]
[EventCountry "GER"]
[SourceTitle "CBM 195 Extra"]
[Source "ChessBase"]
[SourceDate "2020.05.31"]
[SourceVersion "1"]
[SourceVersionDate "2020.05.31"]
[SourceQuality "1"]

1. d4 Nf6 2. c4 g6 3. Nc3 d5 4. Bg5 Bg7 5. Bxf6 Bxf6 6. Nxd5 Bg7 7. Nf3 c5 8. e3 Nc6 9. dxc5 Bxb2 10. Rb1 Bg7 11. Be2 e6 12. Nf4 Qa5+ 13. Qd2 Bc3 14. 0-0 Bxd2 15. Rfd1 Bc3 16. Rd2 0-1

[Event "GER-ch U18 sf Berlin Online"]
[Site "Playchess.com INT"]
[Date "2020.05.01"]
[Round "11"]
[White "Gelman, Josef"]
[Black "Muedder, Melanie"]
[Result "1/2-1/2"]
[WhiteElo "1778"]
[BlackElo "1503"]
[PlyCount "121"]
[EventDate "2020.05.01"]
[EventType "swiss (blitz)"]
[EventRounds "13"]
[EventCountry "GER"]
[SourceTitle "CBM 195 Extra"]
[Source "ChessBase"]
[SourceDate "2020.05.31"]
[SourceVersion "1"]
[SourceVersionDate "2020.05.31"]
[SourceQuality "1"]

1. d4 Nf6 2. c4 g6 3. Nc3 d5 4. Bg5 Ne4 5. Nxe4 dxe4 6. Qd2 Bg7 7. 0-0-0 c5 8. dxc5 Qxd2+ 9. Rxd2 Na6 10. Be3 Be6 11. b3 Rc8 12. Nh3 Nxc5 13. Nf4 Bf5 14. h3 h5 15. g3 0-0 16. Bg2 b6 17. Nd5 Rfe8 18. Rhd1 e6 19. Bxc5 Rxc5 20. Ne3 g5 21. g4 hxg4 22. hxg4 Bg6 23. Rd8 Rxd8 24. Rxd8+ Kh7 25. Rd7 a5 26. Rb7 Rc6 27. Nf1 Rd6 28. Ng3 f5 29. gxf5 exf5 30. e3 Kh6 31. Bh3 f4 32. Nf5+ Bxf5 33. Bxf5 fxe3 34. fxe3 Rf6 35. Bxe4 Re6 36. Bc2 g4 37. Bf5 Rxe3 38. Bxg4 Bd4 39. Rd7 Bc5 40. Rd2 Re1+ 41. Kc2 Ra1 42. Kd3 Kg5 43. Bd7 Re1 44. Rg2+ Kf4 45. Ba4 Re3+ 46. Kc2 Kf3 47. Rd2 Ke4 48. Bc6+ Kf4 49. Kd1 Rg3 50. Rd5 Rg1+ 51. Kc2 Rg2+ 52. Rd2 Rxd2+ 53. Kxd2 Bb4+ 54. Kc2 Bc5 55. Kc3 Ke5 56. Kb2 Kd4 57. a3 Bd6 58. Ba4 Kc5 59. Kc3 Be5+ 60. Kd3 Bb2 61. Kc2 1/2-1/2

[Event "GER-ch U18 sf Berlin Online"]
[Site "Playchess.com INT"]
[Date "2020.05.01"]
[Round "3"]
[White "Gelman, Josef"]
[Black "Plum, Paul"]
[Result "1/2-1/2"]
[WhiteElo "1778"]
[BlackElo "1616"]
[PlyCount "94"]
[EventDate "2020.05.01"]
[EventType "swiss (blitz)"]
[EventRounds "13"]
[EventCountry "GER"]
[SourceTitle "CBM 195 Extra"]
[Source "ChessBase"]
[SourceDate "2020.05.31"]
[SourceVersion "1"]
[SourceVersionDate "2020.05.31"]
[SourceQuality "1"]

1. d4 Nf6 2. c4 g6 3. Nc3 d5 4. Bg5 Ne4 5. Nxe4 dxe4 6. Qd2 Bg7 7. 0-0-0 h6 8. Be3 b5 9. cxb5 a6 10. bxa6 Rxa6 11. Kb1 Qd5 12. b3 f5 13. Bf4 Nc6 14. e3 Ra7 15. Bc4 Qa5 16. Qxa5 Nxa5 17. Bb5+ c6 18. Ba4 Bd7 19. Rc1 Ra6 20. d5 cxd5 21. Rc2 Bxa4 22. bxa4 Nc4 23. Ne2 0-0 24. Nc3 Rb8+ 25. Ka1 Rba8 26. Rb1 Rxa4 27. Rb3 Bxc3+ 28. Rbxc3 Rb4 29. Bxh6 Ra6 30. Bg5 Rab6 31. Rc1 Rb2 32. R3c2 Rxc2 33. Rxc2 Rb7 34. Rc1 Kf7 35. Rb1 Rxb1+ 36. Kxb1 Ke6 37. Kc1 Nb6 38. Kc2 Nc4 39. a4 Kd6 40. Kc3 e6 41. Bh6 Kc6 42. Bf8 Kb6 43. Bb4 Kc6 44. Kd4 e5+ 45. Kc3 Kb6 46. Kb3 Kc6 47. Kc3 Kb6 1/2-1/2

[Event "GER-ch U18 sf Berlin Online"]
[Site "Playchess.com INT"]
[Date "2020.05.01"]
[Round "8"]
[White "Hommel, Niclas"]
[Black "Gelman, Josef"]
[Result "1-0"]
[WhiteElo "1620"]
[BlackElo "1778"]
[PlyCount "71"]
[EventDate "2020.05.01"]
[EventType "swiss (blitz)"]
[EventRounds "13"]
[EventCountry "GER"]
[SourceTitle "CBM 195 Extra"]
[Source "ChessBase"]
[SourceDate "2020.05.31"]
[SourceVersion "1"]
[SourceVersionDate "2020.05.31"]
[SourceQuality "1"]

1. e4 c5 2. Nf3 Nc6 3. d4 cxd4 4. Nxd4 e5 5. Nb5 d6 6. N1c3 a6 7. Na3 b5 8. Nd5 Nf6 9. Bg5 Be7 10. Bxf6 Bxf6 11. c4 b4 12. Nc2 a5 13. Qf3 Be6 14. Rd1 Bxd5 15. Rxd5 Nd4 16. Nxd4 exd4 17. c5 0-0 18. cxd6 Rc8 19. Be2 Re8 20. 0-0 Re6 21. d7 Rc7 22. Bb5 h6 23. g3 Re5 24. Rxe5 Bxe5 25. Qd3 Kf8 26. f4 Bd6 27. Kg2 Bc5 28. Rc1 Bb6 29. Rxc7 Qxc7 30. e5 Ke7 31. Kh3 Qb7 32. Qc4 Qe4 33. Bc6 Qf5+ 34. Kg2 d3 35. Qd5 Kd8 36. Qd6 1-0

[Event "JBLN Ost 1819"]
[Site "Germany"]
[Date "2019.03.03"]
[Round "9.1"]
[White "Gelman, Josef"]
[Black "Hartge, Gedeon"]
[Result "0-1"]
[WhiteElo "2023"]
[BlackElo "2214"]
[PlyCount "120"]
[EventDate "2018.09.29"]
[EventType "team-tourn"]
[EventRounds "9"]
[EventCountry "GER"]
[SourceTitle "CBM 189 Extra"]
[Source "ChessBase"]
[SourceDate "2019.06.03"]
[SourceVersion "1"]
[SourceVersionDate "2019.06.03"]
[SourceQuality "1"]
[WhiteTeam "Weisse Dame"]
[BlackTeam "Halle USV"]
[WhiteTeamCountry "GER"]
[BlackTeamCountry "GER"]

1. d4 c5 2. d5 Nf6 3. c4 b5 4. cxb5 a6 5. bxa6 g6 6. Nc3 Bg7 7. g3 d6 8. Bg2 0-0 9. Nf3 Nxa6 10. 0-0 Qb6 11. e4 Nd7 12. Re1 Nc7 13. Qc2 Nb5 14. Nxb5 Qxb5 15. a4 Qb4 16. Ra2 Ba6 17. Bf1 Ne5 18. Nxe5 Qxe1 19. Nc4 Bxc4 20. Qxc4 Bd4 21. b3 Rfb8 22. Qc2 Bxf2+ 23. Kg2 Bd4 24. Bc4 h5 25. Bf4 h4 26. Qe2 Qg1+ 27. Kf3 hxg3 28. Bxg3 Bc3 29. Qf2 Qb1 30. Qc2 Qh1+ 31. Qg2 Qd1+ 32. Qe2 Qd4 33. Kg2 Qg7 34. Qf3 Ra7 35. Rc2 Be5 36. Rf2 Bxg3 37. Qxg3 Rb4 38. Qd3 Qe5 39. Qf3 f6 40. Qg4 Kg7 41. Rc2 Qd4 42. Qf3 Rab7 43. a5 Ra7 44. a6 Rxc4 45. Rxc4 Qd2+ 46. Qf2 Qxf2+ 47. Kxf2 Rxa6 48. Rc2 Kf7 49. Rb2 Rb6 50. Ke3 Rb4 51. Kd3 c4+ 52. Kc3 Rxb3+ 53. Rxb3 cxb3 54. Kxb3 f5 55. exf5 gxf5 56. Kc4 e6 57. dxe6+ Kxe6 58. Kd4 Kf6 59. h4 Kg6 60. Ke3 d5 0-1